Textbook of drug design and discovery / (Record no. 4481)

MARC details
000 -LEADER
fixed length control field 00637nam a2200217 4500
003 - CONTROL NUMBER IDENTIFIER
control field OSt
005 - DATE AND TIME OF LATEST TRANSACTION
control field 20160627142602.0
008 - FIXED-LENGTH DATA ELEMENTS--GENERAL INFORMATION
fixed length control field 160627b xxu||||| |||| 00| 0 eng d
020 ## - INTERNATIONAL STANDARD BOOK NUMBER
International Standard Book Number 0415282888
040 ## - CATALOGING SOURCE
Transcribing agency 040a
082 ## - DEWEY DECIMAL CLASSIFICATION NUMBER
Classification number QV 38
Item number K914t 2002
100 ## - MAIN ENTRY--PERSONAL NAME
Personal name Krogsgaard-Larsen, Povl
9 (RLIN) 9618
245 ## - TITLE STATEMENT
Title Textbook of drug design and discovery /
Statement of responsibility, etc. Povl Krogsgaard-Larsen, Tommy Liljefors, Ulf Madsen
260 ## - PUBLICATION, DISTRIBUTION, ETC. (IMPRINT)
Place of publication, distribution, etc. London
Name of publisher, distributor, etc. Taylor& Francis
Date of publication, distribution, etc. 2002
300 ## - PHYSICAL DESCRIPTION
Extent xviii, 572p;
Other physical details ill :
Dimensions 15 cm.
504 ## - BIBLIOGRAPHY, ETC. NOTE
Bibliography, etc Includes index
650 ## - SUBJECT ADDED ENTRY--TOPICAL TERM
Topical term or geographic name as entry element Drugs
9 (RLIN) 1642
700 ## - ADDED ENTRY--PERSONAL NAME
Personal name Liljefors, Tommy
9 (RLIN) 9619
700 ## - ADDED ENTRY--PERSONAL NAME
Personal name Madsen, Ulf
9 (RLIN) 9620
942 ## - ADDED ENTRY ELEMENTS (KOHA)
Source of classification or shelving scheme Other/Generic Classification Scheme
Koha item type Open Shelf
Holdings
Withdrawn status Lost status Source of classification or shelving scheme Damaged status Not for loan Home library Current library Date acquired Source of acquisition Inventory number Total Checkouts Full call number Barcode Date last seen Price effective from Koha item type
    Other/Generic Classification Scheme     MUST Main Library MUST Main Library 27/06/2016   2006/28234   QV 38 K914t 2002 2016-2731 27/06/2016 27/06/2016 Open Shelf